|
|
|
|
| LEADER |
02255nam a2200505 i 4500 |
| 001 |
EBC3115790 |
| 003 |
MiAaPQ |
| 005 |
20200520144314.0 |
| 006 |
m o d | |
| 007 |
cr cnu|||||||| |
| 008 |
131107s2011 be a ob 000 0 eng d |
| 020 |
|
|
|z 9789054878612
|
| 035 |
|
|
|a (MiAaPQ)EBC3115790
|
| 035 |
|
|
|a (Au-PeEL)EBL3115790
|
| 035 |
|
|
|a (CaPaEBR)ebr10781849
|
| 035 |
|
|
|a (OCoLC)922966384
|
| 040 |
|
|
|a MiAaPQ
|b eng
|e rda
|e pn
|c MiAaPQ
|d MiAaPQ
|
| 043 |
|
|
|a a-tu---
|a e------
|
| 050 |
|
4 |
|a HC240.25.T8
|b O53 2011
|
| 082 |
0 |
|
|a 362.1079
|2 23
|
| 245 |
0 |
0 |
|a On the road to EU Membership :
|b the economic transformation of Turkey /
|c Selen Sarisoy Guerin and Yannis A. Stivachtis, editors ; copy editor, Jacqueline Kay Cessou : cover design, Leefdaal Koloriet ; book design, Hulshout Crius Group.
|
| 264 |
|
1 |
|a Brussel, Belgium :
|b VUBPress,
|c 2011.
|
| 264 |
|
4 |
|c 2011
|
| 300 |
|
|
|a 1 online resource (295 pages) :
|b illustrations.
|
| 336 |
|
|
|a text
|2 rdacontent
|
| 337 |
|
|
|a computer
|2 rdamedia
|
| 338 |
|
|
|a online resource
|2 rdacarrier
|
| 490 |
0 |
|
|a Institute for European Studies ;
|v Number 17
|
| 504 |
|
|
|a Includes bibliographical references.
|
| 588 |
|
|
|a Description based on print version record.
|
| 590 |
|
|
|a Electronic reproduction. Ann Arbor, MI : ProQuest, 2015. Available via World Wide Web. Access may be limited to ProQuest affiliated libraries.
|
| 610 |
2 |
0 |
|a European Union
|z Turkey
|x Membership.
|
| 651 |
|
0 |
|a Turkey
|x Economic policy.
|
| 651 |
|
0 |
|a Turkey
|x Foreign economic relations
|z European Union countries.
|
| 651 |
|
0 |
|a European Union countries
|x Foreign economic relations
|z Turkey.
|
| 651 |
|
0 |
|a Turkey
|x Economic conditions.
|
| 655 |
|
4 |
|a Electronic books.
|
| 700 |
1 |
|
|a Crius Group, Hulshout.
|
| 700 |
1 |
|
|a Guerin, Selen Sarisoy.
|
| 700 |
1 |
|
|a Stivachtis, Yannis A.,
|d 1965-
|
| 700 |
1 |
|
|a Cessou, Jacqueline Kay.
|
| 700 |
1 |
|
|a Koloriet, Leefdaal.
|
| 776 |
0 |
8 |
|i Print version:
|t On the road to EU membership : the economic transformation of Turkey.
|d Brussel, Belgium : VUBPress, c2011
|h 295 pages
|k Institute for European Studies ; number 17
|z 9789054878612
|w 2012401239
|
| 797 |
2 |
|
|a ProQuest (Firm)
|
| 856 |
4 |
0 |
|u https://ebookcentral.proquest.com/lib/matrademy/detail.action?docID=3115790
|z Click to View
|